Photovoltaics 1991-1995 : technical documents published 1991 through 1995 from the photovoltaic research activities of the U.S. Department of Energy.

Contains the full text of photovoltaic technical reports and related conference documents.

Bibliographic Details
Corporate Author: United States. Department of Energy. Office of Scientific and Technical Information
Format: Government Document Software eBook
Language:English
Subjects:

MARC

Tag First Indicator Second Indicator Subfields
LEADER 00000cam a2200000 a 4500
001 in00000004297
005 20151007051138.0
006 m d f
007 co cg?
008 990517s1999 dcu f000 0 eng d
035 |a (OCoLC)41374431 
035 |9 AJG8147AM 
040 |a GPO  |c GPO  |d DLC  |d MvI  |d UtOrBLW 
043 |a n-us--- 
049 |a UDOC 
074 |a 0429-X 
086 0 |a E 1.111:P 56/991-1995/CD 
088 |a DOE/EE-99002039-CD 
245 0 0 |a Photovoltaics 1991-1995 :  |b technical documents published 1991 through 1995 from the photovoltaic research activities of the U.S. Department of Energy. 
246 3 0 |a Technical documents published in 1996 and 1997 from the photovoltaic research activities of the U.S. Department of Energy 
264 0 |a [Washington, D.C.?] :  |b Produced for the Office of Photovoltaics and Wind Technologies by the Office of Scientific and Technical Information,  |c [1999?] 
300 |a 4 CD-ROMs :  |b color ;  |c 4 3/4 in. 
336 |a text  |b txt  |2 rdacontent 
337 |a computer  |b c  |2 rdamedia 
338 |a computer disc  |b cd  |2 rdacarrier 
516 |a Computer program and data. 
538 |a System requirements: Personal computer (IBM compatible or Power Macintosh); Microsoft Windows 95 or later, or appropriate Power Macintosh operating system; Adobe Acrobat Reader (with Search) 3.01 (available on disc); CD-ROM drive. 
500 |a Title from title screen. 
516 8 |a ISO 9660 format. 
500 |a Shipping list number: 99-0042-E. 
538 |a Disc characteristics: CD-ROM. 
520 |a Contains the full text of photovoltaic technical reports and related conference documents. 
500 |a "DOE/EE-99002039"--Disc label. 
500 |a Electronic resource. 
650 0 |a Photovoltaic power systems  |x Research  |z United States. 
710 1 |a United States.  |b Department of Energy.  |b Office of Scientific and Technical Information. 
999 |a MARS 
999 f f |s b44e2816-66ee-31db-a68d-312d86678e8e  |i 363477cc-c930-3e70-a0a8-e0e3ba599e6c  |t 0 
952 f f |p normal  |a Texas A&M University  |b College Station  |c Sterling C. Evans Library  |d Evans: US Documents CD-ROMs (Annex 5th floor)  |t 0  |e E 1.111:P 56/991-1995/CD  |h Superintendent of Documents classification  |i computer -- computer disc  |m A14832147851 
998 f f |a E 1.111:P 56/991-1995/CD  |t 0  |l Evans: US Documents CD-ROMs (Annex 5th floor)